| 000 | 00466nam a2200205Ia 4500 | ||
|---|---|---|---|
| 001 | 14343 | ||
| 003 | OSt | ||
| 005 | 20260414133756.0 | ||
| 008 | 211022s9999 xx 000 0 und d | ||
| 020 | _a0801414377 | ||
| 040 | _cIVS | ||
| 082 | _a741.509 LUC | ||
| 100 | _aLucie-Smith, Edward. | ||
| 245 | 4 | _aThe art of caricature | |
| 260 | _aIthaca, N.Y. : | ||
| 260 | _bCornell University Press, | ||
| 260 | _c1981 | ||
| 300 | _a128 p. : | ||
| 942 |
_cBK _2ddc _n0 |
||
| 999 |
_c9633 _d9633 |
||